Small scale industries : performance and challenges (Record no. 187646)

MARC details
000 -LEADER
fixed length control field 00429nam a2200157Ia 4500
005 - DATE AND TIME OF LATEST TRANSACTION
control field 20250417114842.0
008 - FIXED-LENGTH DATA ELEMENTS--GENERAL INFORMATION
fixed length control field 231217s9999 xx 000 0 und d
020 ## - INTERNATIONAL STANDARD BOOK NUMBER
International Standard Book Number 9788131406076
082 ## - DEWEY DECIMAL CLASSIFICATION NUMBER
Classification number 338.02 LAH;1 R
100 ## - MAIN ENTRY--PERSONAL NAME
Personal name Lahiri, Keka ed.
245 #0 - TITLE STATEMENT
Title Small scale industries : performance and challenges
260 ## - PUBLICATION, DISTRIBUTION, ETC. (IMPRINT)
Date of publication, distribution, etc. 2007
Name of publisher, distributor, etc. Icfai
Place of publication, distribution, etc. Hyderabad
300 ## - PHYSICAL DESCRIPTION
Extent v, 196
650 ## - SUBJECT ADDED ENTRY--TOPICAL TERM
Topical term or geographic name as entry element scale,industries,performance
942 ## - ADDED ENTRY ELEMENTS (KOHA)
Koha item type Books
Holdings
Date last seen Total Checkouts Full call number Accession number Old discount Checked out Date checked out Cost, replacement price Price effective from Category Public note Lost status Damaged status Department Withdrawn status bill no. bill date Permanent Location Current Location Shelving location Entry date Vendor Cost, normal purchase price Grants Currency symbol Conversion rate Discount Discount type
02/04/2024 1 338.02 LAH;1 R 64157   22/07/2023 02/04/2024 38.00 26/01/2024 Books 64157     Central Library   1993 25/02/2014 Central Library Central Library Central Library 04/08/2010 ICFAI Press 38.00 MBA RS 1   Rupees
26/01/2024   338.02 LAH;2 R1 64158       38.00 26/01/2024 Books 64158     Central Library   1993 25/02/2014 Central Library Central Library F-Block Library Annex 04/08/2010 ICFAI Press 38.00 MBA RS 1   Rupees
26/01/2024   338.02 LAH;3 72572       38.00 26/01/2024 Books 72572     Central Library   1993 14/08/2015 Central Library Central Library Central Library 27/01/2011 ICFAI Press 38.00 MBA RS 1   Rupees

© For any Suggestions or Query, please contact the library staff @ librarian@pes.edu or Phone: +9180 2672 1983/ 2108.